000 00283nam a22001217a 4500
082 _a534 CAT'T
100 _aSATTERLY, JOHN,CATCHPOOL, EDMUND
_957143
245 _aTEXTBOOK OF SOUND
250 _a7TH
260 _aLONDON
_bUNIVERSITY TUTORIAL
_c1949
300 _a379P
942 _cBK
999 _c567440
_d567440